000 00174nam a2200073Ia 4500
008 170523s9999 xx 000 0 und d
100 _aPandey- P.C.
245 0 _aModern Machining Processes
260 _aT.M.H.
999 _c12245
_d12245